Jak ksztalcic ekonomistów - kierunki reformy.

Problémy spojené s koncepciou vzdelávania ekonómov v Poľsku. Autor zhrňuje úvahy a návrhy o vzdelávaní ekonómov, pričom vychádza z vyučovacieho systému uplatneného na dvoch vysokých ekonomických školách vo Varšave, ktorý porovnáva s podobnými školami v zahraničí.

Salvato in:
Dettagli Bibliografici
Autore principale: Pierscionek, Z.
Natura: Capitolo di libro
Lingua:polacco
Soggetti:
Tags: Aggiungi Tag
Nessun Tag, puoi essere il primo ad aggiungerne!!

MARC

LEADER 00000naa a2200000 4500
001 r005587
005 20221125122443.9
041 0 |a pol 
044 |a PL 
245 1 0 |a Jak ksztalcic ekonomistów - kierunki reformy.  |c Z. Pierscionek 
520 |a Problémy spojené s koncepciou vzdelávania ekonómov v Poľsku. Autor zhrňuje úvahy a návrhy o vzdelávaní ekonómov, pričom vychádza z vyučovacieho systému uplatneného na dvoch vysokých ekonomických školách vo Varšave, ktorý porovnáva s podobnými školami v zahraničí. 
610 2 0 |a ekonómovia 
610 2 0 |a vzdelávanie 
610 2 0 |a koncepcie 
610 2 0 |a PR 
610 2 0 |a školy vysoké 
610 2 0 |a reformy školské 
100 1 |a Pierscionek, Z.